000 00572cam a22002053a 4500
001 40383
003 PGUSA
005 20140828083913.0
008 120927s2012||||xxu|||||s|||||000 | eng d
040 _aPGUSA
_beng
042 _adc
100 1 _aEngel, Carl
245 1 0 _aMusical Myths and Facts, Volume I (of 2)
_h[electronic resource] /
_cCarl Engel
260 _bProject Gutenberg,
_c2012
506 _aPublic domain in the USA.
516 _aElectronic text
830 0 _aProject Gutenberg
_v40383
856 4 0 _uhttp://www.gutenberg.org/ebooks/40383
942 _cEB
999 _c269636
_d269636